000 01361cam a22003378i 4500
001 22786115
003 OSt
005 20231009152415.0
008 220912s2023 nyu 000 1 eng
010 _a 2022043724
020 _a9780330535809
020 _a9780374287702
_q(hardcover)
040 _aDLC
_beng
_erda
_cDLC
_dDLC
042 _apcc
050 0 0 _aPS3608.E48
_bW67 2023
082 0 0 _a813.6
_bHEM/W
100 1 _aHemon, Aleksandar,
_d1964-
_eauthor.
_99724
245 1 4 _aThe world and all that it holds /
_cAleksandar Hemon.
250 _aFirst edition.
263 _a2301
264 1 _aNew York :
_bMCD/Farrar, Straus and Giroux,
_c2023.
300 _a336 pages
336 _atext
_btxt
_2rdacontent
337 _aunmediated
_bn
_2rdamedia
338 _avolume
_bnc
_2rdacarrier
520 _a"From literary powerhouse Aleksandar Hemon, author of The Lazarus Project, comes a big, brilliant, sweeping novel of love, memory, and history in the making. It tells of the relationship between Pinto and Osman, who cross the battlefields of the First World War, find love, and fight to survive"--
_cProvided by publisher.
655 7 _aNovels.
_2lcgft
906 _a7
_bcbc
_corignew
_d1
_eecip
_f20
_gy-gencatlg
942 _2ddc
_cBK
_h813.6
_iHEM/W
_k813.6
_mHEM/W
999 _c42612
_d42612